[Event "28. Torneo San Viator 2017 - Torneo B"]
[Site "Madrid ESP"]
[Date "2017.04.23"]
[Round "4.36"]
[White "Gonzalez Mesas, Angel"]
[Black "Gonzalez Morente, Jose A"]
[Result "0-1"]
[WhiteElo "1256"]
[BlackElo "1481"]
[PlyCount "120"]
[EventDate "2017.03.26"]
[EventType "swiss"]
[EventRounds "9"]
[EventCountry "ESP"]
[SourceTitle "Ajedrez en Madrid"]
[Source "lmi"]
[SourceDate "2017.03.26"]

1. d4 d5 2. Bf4 Nf6 3. Nf3 Nc6 4. e3 e6 5. Bd3 Bd6 6. Bxd6 Qxd6 7. Nbd2 O-O 8.
O-O Re8 9. e4 dxe4 10. Nxe4 Nxe4 11. Bxe4 f6 12. d5 Ne7 13. dxe6 Qxd1 14. Raxd1
Bxe6 15. a3 c6 16. Rd6 Nc8 17. Rd2 Nb6 18. Bd3 Rad8 19. Rfd1 g6 20. h3 Bd5 21.
Nh2 f5 22. Nf1 f4 23. c4 Bf7 24. b3 Kg7 25. Bc2 Rxd2 26. Rxd2 Re1 27. c5 Nd5
28. Rd1 Rxd1 29. Bxd1 Nc3 30. Bc2 g5 31. Nd2 Bd5 32. b4 h6 33. Nb3 Ne2+ 34. Kh2
f3 35. g3 h5 36. Na5 b6 37. cxb6 axb6 38. Nb7 c5 39. Nd6 c4 40. Nf5+ Kf6 41.
Ne3 Ke5 42. a4 c3 43. a5 bxa5 44. bxa5 Bb7 45. Nc4+ Kd5 46. Ne3+ Kc5 47. Nf5
Nd4 48. Nxd4 Kxd4 49. Bg6 Kc5 50. Kg1 Ba6 51. g4 h4 52. Be4 Kb4 53. Bc2 Kxa5
54. Kh2 Kb4 55. Bh7 Kb3 56. Bd3 Bxd3 57. Kg1 c2 58. Kh2 Kb2 59. Kg1 c1=Q+ 60.
Kh2 Qd2 0-1

[Event "28. Torneo San Viator 2017 - Torneo B"]
[Site "Madrid ESP"]
[Date "2017.04.23"]
[Round "4.38"]
[White "Lopez Nunez, Alonso"]
[Black "Duran Andres, Rodrigo"]
[Result "1-0"]
[WhiteElo "1405"]
[BlackElo "1207"]
[PlyCount "107"]
[EventDate "2017.03.26"]
[EventType "swiss"]
[EventRounds "9"]
[EventCountry "ESP"]
[SourceTitle "Ajedrez en Madrid"]
[Source "lmi"]
[SourceDate "2017.03.26"]

1. e4 e5 2. Nf3 Nc6 3. Bb5 a6 4. Ba4 Nf6 5. O-O Be7 6. Re1 b5 7. Bb3 d6 8. c3
O-O 9. h3 Na5 10. Bc2 c5 11. d4 Qc7 12. Nbd2 Be6 13. Nf1 Rfc8 14. Ne3 g6 15.
Qe2 Rab8 16. d5 Bd7 17. Bd2 Nh5 18. c4 Nf4 19. Qf1 b4 20. b3 Qd8 21. Bd1 Nb7
22. Nh2 Bg5 23. Bg4 Ra8 24. Bxd7 Qxd7 25. Nf3 Qe7 26. Ng4 a5 27. Nxg5 Qxg5 28.
Red1 Qe7 29. Bxf4 exf4 30. Qd3 h5 31. Nh2 f6 32. Nf3 g5 33. Qe2 Kg7 34. Ne1 Kg6
35. Nd3 Nd8 36. g3 fxg3 37. fxg3 Qg7 38. Qf3 Nf7 39. Rf1 Ne5 40. Qxf6+ Qxf6 41.
Rxf6+ Kg7 42. Nxe5 dxe5 43. Rf5 Kg6 44. a4 Re8 45. Raf1 Ra6 46. Rf7 Rd8 47.
R1f5 Rdd6 48. Rc7 Rf6 49. Rxf6+ Rxf6 50. Kg2 g4 51. hxg4 hxg4 52. Rxc5 Rf3 53.
d6 Kf6 54. Rd5 1-0

[Event "XXVIII Torneo San Viator - Memorial Pep"]
[Site "Colegio San Viator. Plaza Fer"]
[Date "2017.05.07"]
[Round "5.1"]
[White "Fernandez Lopez, Jaime"]
[Black "Calderon Martin, Antonio"]
[Result "0-1"]
[WhiteElo "1601"]
[BlackElo "1686"]
[PlyCount "69"]
[EventDate "2017.03.26"]
[EventRounds "9"]
[EventCountry "ESP"]

1. c4 e5 2. g3 Nc6 3. Bg2 g6 4. Nc3 Bg7 5. e4 d6 6. Nge2 f5 7. d3 Nf6 8. O-O
O-O 9. a3 Be6 10. b4 Rb8 11. Bb2 Qd7 12. Nd5 h6 13. f4 Nh5 14. b5 Ne7 15. d4 c6
16. Nxe7+ Qxe7 17. d5 cxd5 18. cxd5 Bd7 19. a4 fxe4 20. Bxe4 Bf5 21. Bxf5 gxf5
22. fxe5 Bxe5 23. Nd4 Qg5 24. Qf3 Ng7 25. Rab1 Rbc8 26. Qd3 Rf7 27. a5 f4 28.
Ne6 Nxe6 29. dxe6 Rfc7 30. Bxe5 dxe5 31. Qb3 Rc3 32. Qd5 Qe7 33. Qxe5 fxg3 34.
hxg3 R3c5 35. Qf5 0-1

[Event "XXVIII Torneo San Viator - Memorial Pep"]
[Site "Colegio San Viator. Plaza Fer"]
[Date "2017.05.07"]
[Round "5.2"]
[White "Sanchez Ortega, Ivan"]
[Black "Moreno Sanchez, Guillermo"]
[Result "0-1"]
[WhiteElo "1657"]
[BlackElo "1605"]
[PlyCount "56"]
[EventDate "2017.03.26"]
[EventRounds "9"]
[EventCountry "ESP"]

1. d4 d5 2. c4 e6 3. Nf3 Nf6 4. Nc3 Bb4 5. Bg5 Bxc3+ 6. bxc3 Nbd7 7. e3 c6 8.
cxd5 cxd5 9. c4 Qa5+ 10. Qd2 Qa4 11. cxd5 Ne4 12. Qb2 Qa5+ 13. Kd1 Qxd5 14. Bf4
O-O 15. Bd3 f5 16. Ke2 Ndf6 17. Rac1 Qd8 18. h3 Bd7 19. Qxb7 Qa5 20. Qb2 Rac8
21. Rhe1 Nd5 22. Be5 Nb4 23. Rxc8 Rxc8 24. Bb1 Bb5+ 25. Kd1 Nc3+ 26. Kd2 Nxb1+
27. Qxb1 Rc2+ 28. Kd1 Ba4 0-1

[Event "XXVIII Torneo San Viator - Memorial Pep"]
[Site "Colegio San Viator. Plaza Fer"]
[Date "2017.05.07"]
[Round "5.3"]
[White "Algaba Traspuesto, Jose Antoni"]
[Black "Arce Escobedo, Julio"]
[Result "1/2-1/2"]
[WhiteElo "1568"]
[BlackElo "1642"]
[PlyCount "59"]
[EventDate "2017.03.26"]
[EventRounds "9"]
[EventCountry "ESP"]

1. e4 c5 2. Nf3 d6 3. Bb5+ Bd7 4. Bxd7+ Qxd7 5. O-O Nc6 6. Qe2 Nf6 7. c3 g6 8.
d4 cxd4 9. cxd4 Bg7 10. Nc3 O-O 11. h3 e6 12. Rd1 d5 13. e5 Ne8 14. Bf4 a6 15.
Na4 Qd8 16. Nc5 b6 17. Nb3 a5 18. Rdc1 Ne7 19. Rc3 Rc8 20. Rac1 Rxc3 21. Rxc3
h6 22. Na1 Kh7 23. Nc2 Nc7 24. a4 Qb8 25. Na3 Rc8 26. Nb5 Nxb5 27. Rxc8 Qxc8
28. Qxb5 Qc6 29. Qxc6 Nxc6 30. Bd2 1/2-1/2

[Event "XXVIII Torneo San Viator - Memorial Pep"]
[Site "Colegio San Viator. Plaza Fer"]
[Date "2017.05.07"]
[Round "5.5"]
[White "Carrasco Coquillat, Alvaro"]
[Black "Arias Cusio, Oscar"]
[Result "1/2-1/2"]
[WhiteElo "1505"]
[BlackElo "1606"]
[PlyCount "131"]
[EventDate "2017.03.26"]
[EventRounds "9"]
[EventCountry "ESP"]

1. d4 d5 2. c4 e6 3. Nc3 Nf6 4. Bg5 Be7 5. Nf3 O-O 6. e3 h6 7. Bh4 Nbd7 8. Rc1
c6 9. cxd5 exd5 10. Bd3 Re8 11. O-O Nh5 12. Bxe7 Qxe7 13. a3 Nhf6 14. b4 a6 15.
Qb3 Nf8 16. a4 Bg4 17. Ne5 N8d7 18. Nxg4 Nxg4 19. h3 Ngf6 20. Ra1 Nh5 21. b5
Ndf6 22. bxc6 bxc6 23. Rab1 a5 24. Rfc1 Ng3 25. Nd1 Nge4 26. Qc2 Rec8 27. Bxe4
Nxe4 28. Nc3 Nd6 29. Nd1 Nc4 30. Qd3 Rab8 31. Nc3 Rb4 32. e4 Rd8 33. exd5 cxd5
34. Nxd5 Rxd5 35. Rxb4 axb4 36. Rxc4 g6 37. Qe3 Qb7 38. Qb3 Rg5 39. f3 Qe7 40.
Qd1 Qe3+ 41. Kh1 b3 42. Rb4 Qf2 43. Qg1 Qc2 44. g4 Qc3 45. Rb8+ Kg7 46. Qf2 Rd5
47. Qe2 Qa1+ 48. Kg2 Qxa4 49. Qb2 Rb5 50. d5+ f6 51. Rxb5 Qxb5 52. d6 Kf7 53.
d7 Ke7 54. d8=Q+ Kxd8 55. Qxf6+ Kc7 56. Qe7+ Kb6 57. Qd6+ Ka5 58. Qa3+ Kb6 59.
Qd6+ Kb7 60. Qe7+ Kc6 61. Qe6+ Kc5 62. Qe5+ Kc4 63. Qe2+ Kb4 64. Qe1+ Ka3 65.
Qa1+ Kb4 66. Qe1+ 1/2-1/2

[Event "XXVIII Torneo San Viator - Memorial Pep"]
[Site "Colegio San Viator. Plaza Fer"]
[Date "2017.05.07"]
[Round "5.6"]
[White "Martinez Martinez, Javier II"]
[Black "Cortijo Manso, Luis"]
[Result "1-0"]
[WhiteElo "1635"]
[BlackElo "1534"]
[PlyCount "98"]
[EventDate "2017.03.26"]
[EventRounds "9"]
[EventCountry "ESP"]

1. d4 Nf6 2. Bg5 e6 3. Nf3 d5 4. e3 c5 5. c3 Nc6 6. Nbd2 Be7 7. Bd3 h6 8. Bxf6
Bxf6 9. dxc5 e5 10. Be2 Qe7 11. O-O Qxc5 12. Rc1 O-O 13. b4 Qe7 14. Nb3 b6 15.
Qxd5 Bb7 16. Qd1 Rfd8 17. Qc2 e4 18. Nfd2 Re8 19. Nd4 Rac8 20. Qb1 Rcd8 21.
Nxc6 Bxc6 22. Nb3 Bb7 23. Nd4 Qe5 24. Bb5 Rf8 25. Bc6 Qc7 26. Bxe4 Bxe4 27.
Qxe4 Rfe8 28. Qc2 Be5 29. Nf3 Bf6 30. c4 Qd6 31. c5 bxc5 32. Qxc5 Qb8 33. a3
Bb2 34. Rb1 Bxa3 35. Qa5 Rd3 36. Nd4 Qb6 37. Qb5 Qxb5 38. Nxb5 Rb8 39. Nxa7
Rxb4 40. Rxb4 Bxb4 41. Nc6 Bd6 42. g3 Rc3 43. Nd4 Be7 44. Rd1 g6 45. Kg2 Kg7
46. Ne2 Rc2 47. Kf3 h5 48. Rd7 Bf6 49. Nd4 g5 1-0

[Event "XXVIII Torneo San Viator - Memorial Pep"]
[Site "Colegio San Viator. Plaza Fer"]
[Date "2017.05.07"]
[Round "5.7"]
[White "Marcelo De La Mata, Daniel"]
[Black "Comeron Galan, Daniel"]
[Result "1-0"]
[WhiteElo "1630"]
[BlackElo "1494"]
[PlyCount "77"]
[EventDate "2017.03.26"]
[EventRounds "9"]
[EventCountry "ESP"]

1. e4 d6 2. d4 Nf6 3. Nc3 Nbd7 4. Be3 e5 5. f4 Be7 6. Be2 c6 7. Qd2 Qc7 8. Bf3
a6 9. Nge2 b5 10. Ng3 Nb6 11. b3 exd4 12. Bxd4 Ra7 13. Rd1 c5 14. Bxf6 Bxf6 15.
Nh5 Qe7 16. Nxf6+ Qxf6 17. O-O Rd7 18. Bg4 Rb7 19. Bxc8 Nxc8 20. e5 dxe5 21.
fxe5 Qe7 22. Ne4 O-O 23. Qf4 Kh8 24. Nd6 Nxd6 25. exd6 Qd8 26. c4 f6 27. Qf5
Qc8 28. d7 Qc7 29. Qe6 Rb6 30. Qe7 Rbb8 31. Rf5 bxc4 32. bxc4 Rbd8 33. Rxc5 Qb6
34. Kh1 Qb7 35. Qe6 a5 36. Rcd5 Qc7 37. c5 Qb7 38. Qb6 Qa8 39. c6 1-0

[Event "XXVIII Torneo San Viator - Memorial Pep"]
[Site "Colegio San Viator. Plaza Fer"]
[Date "2017.05.07"]
[Round "5.8"]
[White "Laray Fernandez, Juan"]
[Black "Suarez Arellano, Jorge"]
[Result "1-0"]
[WhiteElo "1490"]
[BlackElo "1573"]
[PlyCount "50"]
[EventDate "2017.03.26"]
[EventRounds "9"]
[EventCountry "ESP"]

1. e4 e6 2. d4 d5 3. exd5 exd5 4. Nf3 Bd6 5. Nc3 Ne7 6. Bd3 Bg4 7. Bg5 f6 8.
Bh4 Nbc6 9. Nb5 Bf4 10. Bg3 Bxg3 11. hxg3 a6 12. Na3 Nxd4 13. c3 Ndf5 14. Qa4+
Qd7 15. Qxg4 O-O-O 16. O-O-O g5 17. Bc2 h5 18. Qa4 Nc6 19. b4 Rhe8 20. b5 axb5
21. Nxb5 Kb8 22. Bxf5 Qxf5 23. Nfd4 Qd7 24. Nxc6+ Qxc6 25. Qb3 Re2 1-0

[Event "XXVIII Torneo San Viator - Memorial Pep"]
[Site "Colegio San Viator. Plaza Fer"]
[Date "2017.05.07"]
[Round "5.10"]
[White "Baranco Gonzalez, Nicolas"]
[Black "Loncomilla Sanhueza, Ernesto"]
[Result "1-0"]
[WhiteElo "1303"]
[BlackElo "1538"]
[PlyCount "65"]
[EventDate "2017.03.26"]
[EventRounds "9"]
[EventCountry "ESP"]

1. e4 e5 2. Nf3 Nc6 3. Bb5 a6 4. Bxc6 dxc6 5. d3 Bg4 6. h3 Bxf3 7. Qxf3 Nf6 8.
Bg5 Be7 9. Nc3 Qd7 10. O-O-O O-O 11. Bxf6 Bxf6 12. g4 b5 13. Qg3 a5 14. g5 Be7
15. Qxe5 a4 16. Ne2 f6 17. gxf6 Bxf6 18. Qg3 Qe6 19. Kb1 a3 20. b3 c5 21. Qxc7
Rfc8 22. Qb7 Kh8 23. Qxb5 Qe5 24. c3 Qe6 25. Qc4 Qb6 26. f4 Ra7 27. e5 Be7 28.
Rhg1 Bf8 29. f5 Qh6 30. Qe6 Qxe6 31. fxe6 h6 32. Nf4 Ra6 33. e7 1-0

[Event "XXVIII Torneo San Viator - Memorial Pep"]
[Site "Colegio San Viator. Plaza Fer"]
[Date "2017.05.07"]
[Round "5.11"]
[White "Alvarez Poves, Jesus"]
[Black "Rodriguez Nieto, Miguel Angel"]
[Result "0-1"]
[WhiteElo "1576"]
[BlackElo "1738"]
[PlyCount "145"]
[EventDate "2017.03.26"]
[EventRounds "9"]
[EventCountry "ESP"]

1. d4 Nf6 2. c4 e6 3. Nc3 Bb4 4. Bg5 h6 5. Bh4 g5 6. Bg3 Ne4 7. Qc2 Nxg3 8.
hxg3 Nc6 9. d5 Ne5 10. a3 Be7 11. O-O-O d6 12. f4 Ng4 13. dxe6 Bxe6 14. f5 Bd7
15. Qe4 Nf2 16. Qd4 Nxh1 17. Qxh8+ Bf8 18. Qd4 Bxf5 19. g4 Be6 20. Rd3 c5 21.
Qe3 Bg7 22. Nb5 Be5 23. Nh3 a6 24. Nc3 Qf6 25. Rd1 Bd4 26. Qf3 Qxf3 27. exf3
Ng3 28. Bd3 Kd7 29. Re1 Rf8 30. Nd5 Re8 31. Kc2 Bxd5 32. Rxe8 Kxe8 33. cxd5 Ke7
34. b3 Kf6 35. Bh7 Ke5 36. Bg8 f6 37. Be6 a5 38. Kd3 Bb2 39. a4 Nf1 40. Nf2 Bd4
41. Ne4 Ne3 42. g3 Nxd5 43. Bxd5 Kxd5 44. f4 Ke6 45. Nd2 d5 46. f5+ Kd6 47. Nb1
Be5 48. Na3 Bxg3 49. Nb5+ Ke5 50. Ke3 d4+ 51. Kf3 Bf4 52. Nc7 d3 53. Ne6 Kd5
54. Kf2 b6 55. Ng7 Kd4 56. Ne8 Kc3 57. Nxf6 Kc2 58. Ne4 d2 59. Nxd2 Kxd2 60. f6
Bd6 61. Kf3 Kc3 62. Ke4 Kxb3 63. Kf5 c4 64. Kg6 c3 65. Kxh6 c2 66. Kxg5 c1=Q+
67. Kg6 Qf4 68. g5 Qe4+ 69. Kg7 Be5 70. g6 Qf5 71. Kh7 Qxf6 72. Kh6 Qg7+ 73.
Kh5 0-1

[Event "XXVIII Torneo San Viator - Memorial Pep"]
[Site "Colegio San Viator. Plaza Fer"]
[Date "2017.05.07"]
[Round "5.12"]
[White "Ramos Ramos, Jose Antonio"]
[Black "Rodriguez Coarasa, Carlos"]
[Result "1/2-1/2"]
[WhiteElo "1567"]
[BlackElo "1706"]
[PlyCount "54"]
[EventDate "2017.03.26"]
[EventRounds "9"]
[EventCountry "ESP"]

1. d4 e6 2. Nf3 Nf6 3. Bg5 Be7 4. e3 d5 5. Bd3 Nbd7 6. Nbd2 O-O 7. O-O c5 8. c3
c4 9. Bc2 Ng4 10. Bxe7 Qxe7 11. h3 Nh6 12. e4 Re8 13. exd5 exd5 14. Re1 Qf8 15.
Rxe8 Qxe8 16. Ba4 Qd8 17. Qe2 Nf6 18. Re1 Bd7 19. Bxd7 Nxd7 20. Qe7 Nf5 21.
Qxd8+ Rxd8 22. g4 Nd6 23. Ne5 f6 24. Nxd7 Rxd7 25. Re6 Kf7 26. Re3 Re7 27.
Rxe7+ Kxe7 1/2-1/2

[Event "XXVIII Torneo San Viator - Memorial Pep"]
[Site "Colegio San Viator. Plaza Fer"]
[Date "2017.05.07"]
[Round "5.13"]
[White "Sarabia Diaz, Santiago"]
[Black "Garcia Martin, Javier"]
[Result "1-0"]
[WhiteElo "1563"]
[BlackElo "1664"]
[PlyCount "39"]
[EventDate "2017.03.26"]
[EventRounds "9"]
[EventCountry "ESP"]

1. e4 c5 2. Nf3 d6 3. d4 cxd4 4. Nxd4 Nf6 5. Nc3 e6 6. Be3 Be7 7. Be2 O-O 8.
Qd2 a5 9. f4 e5 10. Nf5 Bxf5 11. exf5 Nc6 12. O-O-O Qc7 13. g4 h6 14. h4 Rfd8
15. g5 hxg5 16. hxg5 Nd7 17. f6 gxf6 18. gxf6 Nxf6 19. Rdg1+ Kf8 20. Rh8+ 1-0

[Event "XXVIII Torneo San Viator - Memorial Pep"]
[Site "Colegio San Viator. Plaza Fer"]
[Date "2017.05.07"]
[Round "5.15"]
[White "Iriarte Gomez, Enrique"]
[Black "Castro Uceda, Jose Antonio"]
[Result "0-1"]
[WhiteElo "1658"]
[BlackElo "1534"]
[PlyCount "60"]
[EventDate "2017.03.26"]
[EventRounds "9"]
[EventCountry "ESP"]

1. e4 c5 2. d4 cxd4 3. c3 Nc6 4. cxd4 e6 5. Nc3 Bb4 6. Nf3 Nf6 7. Qc2 Qb6 8. a3
Be7 9. d5 exd5 10. exd5 Nd4 11. Nxd4 Qxd4 12. Be3 Qe5 13. O-O-O O-O 14. g4 d6
15. h3 Bd8 16. Bd4 Qf4+ 17. Be3 Qe5 18. Kb1 Bb6 19. Bc1 Bd7 20. f4 Qe8 21. Bc4
Rc8 22. Rhe1 Qd8 23. Qd3 Bc5 24. g5 Nh5 25. Qf3 g6 26. Bd3 Bxa3 27. Re2 Qb6 28.
Ne4 Ba4 29. Rg1 Qxg1 30. Nc3 Rxc3 0-1

[Event "XXVIII Torneo San Viator - Memorial Pep"]
[Site "Colegio San Viator. Plaza Fer"]
[Date "2017.05.07"]
[Round "5.16"]
[White "Garcia Rojas, Juan Carlos"]
[Black "Martinez Pintor, Juan"]
[Result "0-1"]
[WhiteElo "1514"]
[BlackElo "1657"]
[PlyCount "98"]
[EventDate "2017.03.26"]
[EventRounds "9"]
[EventCountry "ESP"]

1. e4 e6 2. Nf3 d5 3. exd5 exd5 4. d4 Nc6 5. c3 Bd6 6. Bd3 Nge7 7. Qc2 Bg4 8.
Nbd2 Qd7 9. h3 Bf5 10. O-O O-O 11. Bxf5 Nxf5 12. Re1 Rfe8 13. Nf1 Rxe1 14. Nxe1
Re8 15. Nf3 Na5 16. b3 b5 17. Ne3 Nxe3 18. Bxe3 c6 19. Qd2 Qc7 20. g3 Nb7 21.
b4 Bxg3 22. fxg3 Qxg3+ 23. Qg2 Qxg2+ 24. Kxg2 Rxe3 25. Ne5 Rxc3 26. Re1 Nd6 27.
Re2 Ne4 28. Kh2 f6 29. Nd7 Kf7 30. h4 Ke7 31. Nc5 f5 32. Nb3 Kf6 33. Rg2 h6 34.
h5 f4 35. Rg6+ Kf7 36. Nc5 Nf6 37. a4 bxa4 38. Nxa4 Rc4 39. Nc5 Rxd4 40. Nb7 f3
41. Nd8+ Ke8 42. Nxc6 f2 43. Kg2 Rf4 44. Kf1 Ng4 45. Rxg4 Rxg4 46. Kxf2 a6 47.
Nb8 Rxb4 48. Nxa6 Rc4 49. Ke3 Kd8 0-1

[Event "XXVIII Torneo San Viator - Memorial Pep"]
[Site "Colegio San Viator. Plaza Fer"]
[Date "2017.05.07"]
[Round "5.17"]
[White "Garcia Castineira, Ivan"]
[Black "Gallego Romero, Manuel"]
[Result "1-0"]
[WhiteElo "1656"]
[BlackElo "1486"]
[PlyCount "78"]
[EventDate "2017.03.26"]
[EventRounds "9"]
[EventCountry "ESP"]

1. d4 d5 2. c4 c6 3. Nc3 e6 4. Nf3 h6 5. Bf4 Nf6 6. h3 Bb4 7. a3 Bxc3+ 8. bxc3
dxc4 9. e3 b5 10. a4 Nd5 11. Qc1 Nxf4 12. exf4 O-O 13. Be2 Nd7 14. O-O Nf6 15.
Ne5 Bb7 16. Bf3 Nd5 17. g3 a6 18. Qb2 Qc7 19. Rfb1 Rfd8 20. Nxc4 Nxf4 21. gxf4
Qxf4 22. Qe2 Rab8 23. Ne5 Rd6 24. axb5 axb5 25. Nd3 Qg5+ 26. Kh2 Qe7 27. Ra7 f6
28. Nc5 Qc7 29. Kg1 Qb6 30. Qa2 Kf7 31. Bg4 Rd5 32. Bxe6+ Kf8 33. Nd7+ Rxd7 34.
Bxd7 Qc7 35. Qe6 Rd8 36. Rxb7 Qxb7 37. Bxc6 Qc7 38. Bd5 Re8 39. Qg8+ Ke7 1-0

[Event "XXVIII Torneo San Viator - Memorial Pep"]
[Site "Colegio San Viator. Plaza Fer"]
[Date "2017.05.07"]
[Round "5.18"]
[White "Dominguez Afonso, Ayraldo"]
[Black "Sanchez Rivero, Miguel"]
[Result "0-1"]
[WhiteElo "1639"]
[BlackElo "1475"]
[PlyCount "82"]
[EventDate "2017.03.26"]
[EventRounds "9"]
[EventCountry "ESP"]

1. e4 c5 2. Nf3 d6 3. d4 cxd4 4. Nxd4 Nf6 5. Nc3 a6 6. Be3 e5 7. Nb3 Be7 8. Bc4
O-O 9. f3 Nbd7 10. Qd2 Qc7 11. Bd5 Nb6 12. O-O-O Nbxd5 13. Nxd5 Nxd5 14. Qxd5
Be6 15. Qd2 Rac8 16. Kb1 b6 17. f4 a5 18. f5 Bxb3 19. axb3 Qc6 20. Qd3 b5 21.
g4 a4 22. b4 Qc4 23. g5 Qxd3 24. cxd3 d5 25. d4 dxe4 26. dxe5 Rfd8 27. f6 Bxb4
28. Bd4 Ba5 29. Rhf1 Rc4 30. e6 fxe6 31. Be5 Rxd1+ 32. Rxd1 gxf6 33. gxf6 Bc7
34. Bd4 Bxh2 35. Ka2 e5 36. Bb6 Kf7 37. Bd8 Rd4 38. Rh1 Rxd8 39. Rxh2 b4 40.
Rxh7+ Kxf6 41. Ra7 e3 0-1

[Event "XXVIII Torneo San Viator - Memorial Pep"]
[Site "Colegio San Viator. Plaza Fer"]
[Date "2017.05.07"]
[Round "5.19"]
[White "Del Rio Perezagua, Mario"]
[Black "Aparicio Iriso, Miguel"]
[Result "1/2-1/2"]
[WhiteElo "1621"]
[BlackElo "1474"]
[PlyCount "123"]
[EventDate "2017.03.26"]
[EventRounds "9"]
[EventCountry "ESP"]

1. Nf3 c5 2. g3 Nc6 3. Bg2 g6 4. O-O Bg7 5. d3 d6 6. e4 e6 7. c3 Qc7 8. Re1 b6
9. Be3 Bb7 10. Nbd2 Nge7 11. d4 O-O 12. Qe2 Rad8 13. Rad1 Rfe8 14. dxc5 bxc5
15. Bf4 e5 16. Bg5 h6 17. Be3 Qa5 18. Nc4 Qc7 19. Qc2 f5 20. exf5 Nxf5 21. Bc1
d5 22. Ne3 Nxe3 23. Bxe3 e4 24. Nd2 Bf8 25. f3 d4 26. Bf4 d3 27. Qb3+ Qf7 28.
Qxf7+ Kxf7 29. fxe4 g5 30. Be3 Ne5 31. c4 Ng4 32. h3 Nxe3 33. Rxe3 Bg7 34. Kh1
Re7 35. b3 h5 36. Rf3+ Kg6 37. Rf5 Re5 38. Kg1 Kh6 39. Rf7 Ba8 40. Rxa7 Re6 41.
Ra5 Bd4+ 42. Kh2 Be3 43. Nf1 Bf2 44. Nd2 Kg6 45. a3 Be3 46. Nf1 Bf2 47. Nd2 Be3
48. b4 cxb4 49. axb4 Bxd2 50. Rxd2 Bxe4 51. Bf1 Rf6 52. Kg1 Rf3 53. Re5 Rd4 54.
Rxe4 Rxe4 55. Bxd3 Rxg3+ 56. Kf2 Rxd3 57. Rxd3 Rxc4 58. Rb3 Rc6 59. b5 Rb6 60.
Kg3 Kf5 61. Rb4 Ke5 62. Rb2 1/2-1/2

[Event "XXVIII Torneo San Viator - Memorial Pep"]
[Site "Colegio San Viator. Plaza Fer"]
[Date "2017.05.07"]
[Round "5.20"]
[White "Urbelz Perez, Ignacio"]
[Black "Carrasco Coquillat, Jorge"]
[Result "0-1"]
[WhiteElo "1606"]
[BlackElo "1468"]
[PlyCount "58"]
[EventDate "2017.03.26"]
[EventRounds "9"]
[EventCountry "ESP"]

1. e4 c5 2. Nf3 d6 3. g3 Nf6 4. Bg2 Nxe4 5. d3 Nf6 6. Bg5 e6 7. Nc3 Be7 8. Ne4
Nxe4 9. Bxe7 Qa5+ 10. Nd2 Nxd2 11. c3 Kxe7 12. Qxd2 f6 13. O-O Nc6 14. Rfe1 e5
15. Qe3 Qb6 16. Rab1 Bf5 17. Qf3 Bg6 18. Qg4 Qc7 19. Bh3 Rae8 20. Rbd1 Kd8 21.
b4 f5 22. Qc4 Bf7 23. Qb5 Qb6 24. Qxb6+ axb6 25. bxc5 bxc5 26. Bxf5 Kc7 27. Rd2
Ra8 28. Ra1 Ra3 29. Rc2 Rha8 0-1

[Event "XXVIII Torneo San Viator - Memorial Pep"]
[Site "Colegio San Viator. Plaza Fer"]
[Date "2017.05.07"]
[Round "5.21"]
[White "Fernandez Garcia, Emilio"]
[Black "Aldea Moreno, Marina"]
[Result "1/2-1/2"]
[WhiteElo "1606"]
[BlackElo "1427"]
[PlyCount "42"]
[EventDate "2017.03.26"]
[EventRounds "9"]
[EventCountry "ESP"]

1. d4 d5 2. c4 e6 3. Nc3 Nf6 4. Bg5 Be7 5. e3 b6 6. cxd5 Nxd5 7. Bxe7 Nxe7 8.
Bd3 O-O 9. Qc2 h6 10. Nge2 Nd7 11. Be4 Rb8 12. O-O c6 13. Rfd1 Ba6 14. Nf4 Rc8
15. Qa4 Nb8 16. Rac1 Nd5 17. Ncxd5 cxd5 18. Bd3 Bxd3 19. Nxd3 Qd7 20. Qxd7 Nxd7
21. b3 g5 1/2-1/2

[Event "XXVIII Torneo San Viator - Memorial Pep"]
[Site "Colegio San Viator. Plaza Fer"]
[Date "2017.05.07"]
[Round "5.22"]
[White "Perez Gonzalez, Manuel"]
[Black "Alvarez Hirt, Carlos"]
[Result "1/2-1/2"]
[WhiteElo "1600"]
[BlackElo "1325"]
[PlyCount "99"]
[EventDate "2017.03.26"]
[EventRounds "9"]
[EventCountry "ESP"]

1. e4 c5 2. Nc3 d6 3. g3 b6 4. Bg2 Bb7 5. d3 Nf6 6. f4 Qc7 7. Nf3 Nbd7 8. O-O
e6 9. Bd2 a6 10. Ne2 Be7 11. h3 O-O-O 12. c4 Rdg8 13. b4 h6 14. bxc5 dxc5 15.
a4 a5 16. Nc3 Nh5 17. Nb5 Qb8 18. Qe1 Qa8 19. e5 g5 20. fxg5 hxg5 21. g4 Nf4
22. Bxf4 gxf4 23. Qe2 Rg6 24. Rae1 Rgh6 25. Nh2 Bxg2 26. Qxg2 Qxg2+ 27. Kxg2
Rxh3 28. Rh1 Rxd3 29. Nf3 Rxh1 30. Rxh1 f6 31. Rh8+ Kb7 32. Re8 Bf8 33. exf6
Kc6 34. Rxe6+ Kb7 35. Re7 Bxe7 36. fxe7 Nf6 37. g5 Ne8 38. Ne5 Re3 39. Ng6 Rg3+
40. Kf2 Rxg5 41. Nxf4 Re5 42. Nd5 Kc6 43. Na7+ Kb7 44. Nb5 Re6 45. Kf3 Kc8 46.
Kf4 Kd7 47. Kf5 Rxe7 48. Nxe7 Kxe7 49. Ke5 Kd7 50. Kd5 1/2-1/2

[Event "XXVIII Torneo San Viator - Memorial Pep"]
[Site "Colegio San Viator. Plaza Fer"]
[Date "2017.05.07"]
[Round "5.23"]
[White "Aguilar Guzman, Reynaldo"]
[Black "Franco Rincon, David"]
[Result "1-0"]
[WhiteElo "1558"]
[BlackElo "1748"]
[PlyCount "111"]
[EventDate "2017.03.26"]
[EventRounds "9"]
[EventCountry "ESP"]

1. e4 e5 2. Nf3 Nc6 3. Nc3 d6 4. g3 Nf6 5. d3 Be7 6. Bg5 Be6 7. Bg2 O-O 8. Qd2
a6 9. a3 b5 10. Be3 h6 11. h3 Qd7 12. d4 exd4 13. Nxd4 Ne5 14. Nxe6 fxe6 15. b3
Rad8 16. Rd1 c6 17. O-O d5 18. f4 Nf7 19. e5 Ne8 20. a4 Bb4 21. Qd3 Qe7 22.
axb5 axb5 23. Ne2 Bc5 24. Bf2 Qa7 25. Qg6 Bxf2+ 26. Rxf2 Qe7 27. g4 Nc7 28. Nd4
c5 29. Nc6 Qh4 30. Nxd8 Rxd8 31. Ra1 Rf8 32. Ra7 Qd8 33. Rf1 c4 34. Rfa1 Nh8
35. Qh5 Rxf4 36. Rf1 Rxf1+ 37. Bxf1 Qb8 38. Ra2 Qb6+ 39. Kg2 Qe3 40. Qh4 Qxe5
41. Qf2 Ng6 42. bxc4 bxc4 43. Qg3 Qe4+ 44. Kh2 Ne5 45. Bg2 Qd4 46. c3 Qb6 47.
Qxe5 Na6 48. Re2 Nc5 49. h4 Kh8 50. h5 Nd3 51. Qxe6 Qc7+ 52. Kg1 Qa7+ 53. Qe3
Qa1+ 54. Bf1 Qxc3 55. Qe8+ Kh7 56. Qg6+ 1-0

[Event "XXVIII Torneo San Viator - Memorial Pep"]
[Site "Colegio San Viator. Plaza Fer"]
[Date "2017.05.07"]
[Round "5.24"]
[White "Fernandez Munoz, Jesus Norbert"]
[Black "Vaquerizo Martin, Miguel"]
[Result "0-1"]
[WhiteElo "1403"]
[BlackElo "1694"]
[PlyCount "29"]
[EventDate "2017.03.26"]
[EventRounds "9"]
[EventCountry "ESP"]

1. d4 e6 2. Nf3 Nf6 3. Bf4 c5 4. e3 Nc6 5. c3 cxd4 6. exd4 d6 7. Bd3 g6 8. h4
Nh5 9. Bg5 f6 10. Be3 e5 11. d5 Ne7 12. c4 Bf5 13. Be2 Bg4 14. Nc3 Nf5 15. Bc1
0-1

[Event "XXVIII Torneo San Viator - Memorial Pep"]
[Site "Colegio San Viator. Plaza Fer"]
[Date "2017.05.07"]
[Round "5.25"]
[White "De Los Rios Camacho, Juan Antoni"]
[Black "Lopez Nunez, Alonso"]
[Result "1/2-1/2"]
[WhiteElo "1683"]
[BlackElo "1405"]
[PlyCount "82"]
[EventDate "2017.03.26"]
[EventRounds "9"]
[EventCountry "ESP"]

1. e4 c5 2. Nf3 Nc6 3. d4 cxd4 4. Nxd4 g6 5. Nxc6 dxc6 6. Qxd8+ Kxd8 7. Nc3 Bg7
8. Bd2 Nf6 9. O-O-O Bd7 10. Be2 Re8 11. f4 e5 12. fxe5 Rxe5 13. Bf4 Re8 14. e5
Ng8 15. Bg4 f5 16. exf6 Nxf6 17. Bg5 Re7 18. Bxf6 Bxf6 19. Ne4 Rxe4 20. Rxd7+
Ke8 21. Bh3 Re7 22. Rhd1 Rxd7 23. Rxd7 Rd8 24. Rxd8+ Kxd8 25. c3 b6 26. Kc2 Kc7
27. Be6 Kd6 28. Bg8 h6 29. Bh7 g5 30. Kd3 Be5 31. g3 h5 32. Ke4 h4 33. gxh4
gxh4 34. h3 Bg3 35. Kd4 Bf2+ 36. Kc4 Bg3 37. Bg6 Bh2 38. Bh5 Bg3 39. Kb4 Bf2
40. Bf3 Bc5+ 41. Kb3 Be3 1/2-1/2